000 00321nam a2200133Ia 4500
008 240624s9999 xx 000 0 und d
041 _aeng
082 _a658.84 KUL
100 _aKULKARNI PARAG
245 _aE BUSINESS
260 _c2012
_aNew Delhi
_bOxford
300 _axviii, : 452 : p. : cm. ; 26
365 _cRS
_b31
999 _c24887
_d24887